000 00636nam a22002057a 4500
999 _c180618
_d180618
005 20210812144557.0
010 _aB-741098
020 _a9788184776652
_c150.00
035 _aB-741098
037 _bGift
082 _aS
100 _aAnupa Lal
245 _aIndian folktales /
_cby Anupa Lal ; illustrated by Uma Krishnaswamy
260 _aGurgaon
_bScholastic
_c2014
270 _aGolf View Corporate Tower-A, 3rd Floor, DLF Phase V,
_bGurgaon
_e122002
300 _a116p.:
_bill.
_c19cm(pbk)
700 _aKrishnaswamy, Uma
942 _2ddc
_cCH
_hS
_mANU